Histoire de la république de Venise : tome septième /

Uloženo v:
Podrobná bibliografie
Hlavní autor: Daru, Pierre (autor)
Médium: Kniha
Jazyk:francouzština
Vydání:2a edición
Témata:
Tagy: Přidat tag
Žádné tagy, Buďte první, kdo vytvoří štítek k tomuto záznamu!

MARC

LEADER 00000nam^a2200000^a^4500
001 000366841
005 20250526000000.0
009 20260310115724.494
037 |a Acervo ITESO - Biblioteca 
041 |a FRA 
082 |a 945.  |b DAR V. 7 
100 |a Daru, Pierre  |e (autor) 
240 1 1 |a [Histoire de la république de Venise] 
245 1 0 |a Histoire de la république de Venise :  |b tome septième /  |c P. Daru. 
250 |a 2a edición  |b revisada y aumentada 
264 |a París, Francia :  |b Firmin Didot Frères,  |c 1821 
300 |a 624 p. ;  |c 21.0 cm. 
336 |a texto  |b txt  |2 rdacontenido 
337 |a sin mediación  |b n  |2 rdamedio 
338 |a volumen  |b nc  |2 rdasoporte 
561 |a Ex libris de Carlos Ramírez Escandón 
561 |a Ex libris de Francisco J. Ramírez 
561 |a Ex libris de Bibl. Magnopontanae Domus Scti. Ioseph. Prov. Mex. Sept. S.I. 
649 |a XX 
650 |a Estado, El -  |z Venecia, Italia -  |x Historia 
650 |a Estado, El -  |z Italia -  |x Historia 
650 |a Administración Pública -  |z Venecia, Italia -  |x Historia 
650 |a Administración Pública -  |z Italia -  |x Historia 
650 |a Venecia, Italia -  |x Documentos 
650 |a Venecia, Italia -  |x Historia -  |x Tema Principal 
650 |a Venecia, Italia -  |x Descripción 
650 |a Italia -  |x Historia 
650 |a Italia -  |x Descripción 
910 |a Fondo General 
920 |a Impresos - Libros 
930 |a Libros Antiguos y Raros 
905 |a 108 
901 |a 0500260935  |b IT2  |c LRA  |i D73525  |u 20250526 
902 |a https://opac.biblio.iteso.mx/vufind/Record/000366841